01171cam a2200301 a 450000100090000000300040000900500170001300800410003001000170007102000250008802000180011304000180013105000210014908200150017010000180018524501400020326000700034330000330041350400660044665000520051265000220056465000380058665000540062490600450067894200150072399900170073895201140075516380636OSt20160804153919.0100809s2011 enka b 001 0 eng  a 2010033390 a9781441112750 (pbk.) a9780826427281 aDLCcDLCdDLC00aLB2369b.O4 201100a370.722221 aO'Hara, Mark.10aSuccessful dissertations :bthe complete guide for education, childhood and early childhood studies students /cMark O'Hara...[et al.]. aLondon ;aNew York :bContinuum International Pub. Group,cc2011. axv, 264 p. :bill. ;c26 cm. aIncludes bibliographical references (p. [255]-262) and index. 0aDissertations, AcademicxResearchxMethodology. 0aAcademic writing. 0aEducationxResearchxMethodology. 0aEarly childhood educationxResearchxMethodology. a7bcbccorignewd1eecipf20gy-gencatlg 2lcccBOOKS c12516d12516 00102lcc4070aMUCbMUCcGENd2016-08-04ePurchasel0oLB 2369.O4 2012p4405r2016-08-04w2016-08-04yBOOKS